Sports Quiz

Random Sports or NFL Quiz

NFL Hall of Fame Jerseys Quiz Stats

Quiz not verified by Sporcle

Challenge
Share
Tweet
Score 0/27 Timer 06:00
0 Plays Today
% Correct
Jerry Rice
95.1%
Johnny Unitas
94.1%
Barry Sanders
92.8%
Joe Montana
92.5%
Joe Namath
90.8%
Reggie White
90.5%
Terry Bradshaw
89.9%
Warren Moon
89%
Troy Aikman
88.8%
Jerome Bettis
87.4%
Marshall Faulk
85.6%
Joe Greene
84.2%
Junior Seau
83.1%
Dan Fouts
82.9%
% Correct
Roger Staubach
82.7%
Ronnie Lott
78.7%
Thurman Thomas
76.7%
Dick Butkus
75.7%
Mike Singletary
72.7%
Bruce Matthews
72%
Larry Csonka
71.4%
Anthony Munoz
69.8%
Mike Ditka
69.5%
Howie Long
67.1%
Rod Woodson
60.3%
Warren Sapp
58.6%
Chris Doleman
27.3%

You're not logged in!

Compare scores with friends on all Sporcle quizzes.
Sign Up with Email
OR
Log In

You Might Also Like...

Show Comments

Extras

Top Quizzes Today


Score Distribution

Your Account Isn't Verified!

In order to create a playlist on Sporcle, you need to verify the email address you used during registration. Go to your Sporcle Settings to finish the process.